00495 2200181 4500001002100000005001500021035002000036008004100056245009200097100002400189250000600213260003400219300001200253084001400265082000800279650001400287990001200301INLIS00000000000020820240502023201 a0010-0424000184240502 0 ind 1 aPetaka Umat Islam: Konspirasi Musuh Islam Dibalik Kisah Israiliat /cArif Maulana Akbar aMaulana Akbar, Arif a1 aJakarta :bInti Medina,c2009 a104 hlm a200 ARI p a200 4aNon Fiksi a0732446